<?xml version="1.0" encoding="UTF-8"?>
<record
    xmlns:xsi="http://www.w3.org/2001/XMLSchema-instance"
    xsi:schemaLocation="http://www.loc.gov/MARC21/slim http://www.loc.gov/standards/marcxml/schema/MARC21slim.xsd"
    xmlns="http://www.loc.gov/MARC21/slim">

  <leader>02040nam a2200337 a 4500</leader>
  <controlfield tag="001">BRCA_2703</controlfield>
  <controlfield tag="005">20190320203930.0</controlfield>
  <controlfield tag="008">031208s1888----sp-a---###---#000-0#spa-u</controlfield>
  <datafield tag="041" ind1=" " ind2=" ">
    <subfield code="a">spa</subfield>
  </datafield>
  <datafield tag="044" ind1=" " ind2=" ">
    <subfield code="a">sp</subfield>
  </datafield>
  <datafield tag="084" ind1=" " ind2=" ">
    <subfield code="a">209</subfield>
    <subfield code="b">.G57</subfield>
    <subfield code="c">1888</subfield>
  </datafield>
  <datafield tag="100" ind1="1" ind2=" ">
    <subfield code="a">Cervantes Saavedra, Miguel de</subfield>
    <subfield code="d">1547-1616</subfield>
    <subfield code="9">213</subfield>
  </datafield>
  <datafield tag="245" ind1="1" ind2="0">
    <subfield code="a">El Ingenioso Hidalgo Don Quijote de la Mancha</subfield>
    <subfield code="b">seguido de el Buscap&#xED;e</subfield>
    <subfield code="c">por Miguel de Cervantes Saavedra.</subfield>
  </datafield>
  <datafield tag="250" ind1=" " ind2=" ">
    <subfield code="a">4</subfield>
  </datafield>
  <datafield tag="260" ind1=" " ind2=" ">
    <subfield code="a">Barcelona</subfield>
    <subfield code="b">F. Gir&#xF3;</subfield>
    <subfield code="c">1888</subfield>
  </datafield>
  <datafield tag="300" ind1=" " ind2=" ">
    <subfield code="a">2 v.</subfield>
    <subfield code="b">il.</subfield>
    <subfield code="c">21 cm.</subfield>
  </datafield>
  <datafield tag="440" ind1=" " ind2="0">
    <subfield code="a">Biblioteca salvatella</subfield>
    <subfield code="9">7646</subfield>
  </datafield>
  <datafield tag="500" ind1=" " ind2=" ">
    <subfield code="a">Contenido : v 1. Primera parte. Busto de Cervantes. Notas del editor. Dedicatoria del autor. Pr&#xF3;logo del autor. Versos preliminares. Texto. -- v 2. Segunda parte. Aut&#xF3;grafo facs&#xED;mil de Cervantes. Dedicatoria del autor. Pr&#xF3;logo del autor. Texto. El Buscapi&#xE9;</subfield>
  </datafield>
  <datafield tag="500" ind1=" " ind2=" ">
    <subfield code="a">Edici&#xF3;n : Ilustrada con gran n&#xFA;mero de grabados y reproducci&#xF3;n de cuadros famosos de autores contempor&#xE1;neos</subfield>
  </datafield>
  <datafield tag="500" ind1=" " ind2=" ">
    <subfield code="a">Linda edici&#xF3;n, bien impresa. Reproducci&#xF3;n de las que anteriormente public&#xF3; la Casa Salvatella, con la edici&#xF3;n de El Buscapi&#xE9;, supercher&#xED;a de Adolfo de Castro. A los grabados de Johannot que adornan las otras ediciones, se han a&#xF1;adido en &#xE9;sta algunos dibujos de varios autores espa&#xF1;oles contempor&#xE1;neos. Es una de las pocas ediciones que reproduce el escudo de la primera edici&#xF3;n. Tela; con relieves y dorados; corte dorado tambi&#xE9;n L&#xFA;dovik Osterc</subfield>
  </datafield>
  <datafield tag="500" ind1=" " ind2=" ">
    <subfield code="a">Estado f&#xED;sico : Guarda del volumen 1 desprendida. El lomo del volumen 2 est&#xE1; desprendido casi en su totalidad</subfield>
  </datafield>
  <datafield tag="650" ind1="1" ind2="4">
    <subfield code="a">Novela espa&#xF1;ola</subfield>
    <subfield code="y">&#xC9;poca cl&#xE1;sica, 1500-1700</subfield>
    <subfield code="9">215</subfield>
  </datafield>
  <datafield tag="650" ind1="1" ind2="4">
    <subfield code="a">Literatura espa&#xF1;ola</subfield>
    <subfield code="y">&#xC9;poca cl&#xE1;sica, 1500-1700</subfield>
    <subfield code="9">216</subfield>
  </datafield>
  <datafield tag="650" ind1="1" ind2="4">
    <subfield code="a">Novela espa&#xF1;ola</subfield>
    <subfield code="y">Siglo XVII</subfield>
    <subfield code="9">217</subfield>
  </datafield>
  <datafield tag="650" ind1="1" ind2="4">
    <subfield code="a">Don Quijote (Personaje ficticio)</subfield>
    <subfield code="e">Novela</subfield>
    <subfield code="9">218</subfield>
  </datafield>
  <datafield tag="700" ind1="1" ind2=" ">
    <subfield code="a">Castro y Rossi, Adolfo de</subfield>
    <subfield code="d">1823-1898</subfield>
    <subfield code="e">Anotador</subfield>
    <subfield code="9">7647</subfield>
  </datafield>
  <datafield tag="700" ind1="1" ind2=" ">
    <subfield code="a">Johannot, Tony</subfield>
    <subfield code="d">1803-1852</subfield>
    <subfield code="e">Ilustrador</subfield>
    <subfield code="9">7648</subfield>
  </datafield>
  <datafield tag="740" ind1="0" ind2=" ">
    <subfield code="a">El Ingenioso Hidalgo Don Quijote de la Mancha</subfield>
  </datafield>
  <datafield tag="902" ind1=" " ind2=" ">
    <subfield code="a">QFM</subfield>
  </datafield>
  <datafield tag="942" ind1=" " ind2=" ">
    <subfield code="2">lcc</subfield>
    <subfield code="c">B</subfield>
  </datafield>
  <datafield tag="999" ind1=" " ind2=" ">
    <subfield code="c">2443</subfield>
    <subfield code="d">2443</subfield>
  </datafield>
  <datafield tag="952" ind1=" " ind2=" ">
    <subfield code="0">0</subfield>
    <subfield code="1">0</subfield>
    <subfield code="4">0</subfield>
    <subfield code="7">0</subfield>
    <subfield code="a">BRCA</subfield>
    <subfield code="b">BRCA</subfield>
    <subfield code="d">2008-12-03</subfield>
    <subfield code="l">0</subfield>
    <subfield code="o">209 .G57 1888</subfield>
    <subfield code="p">2700</subfield>
    <subfield code="r">2019-03-22 00:00:00</subfield>
    <subfield code="w">2019-03-22</subfield>
    <subfield code="y">B</subfield>
  </datafield>
</record>
